Klinický a biologický význam kobaltu pre prežúvavce

Bibliographic Details
Main Authors: Prosbová, Marta, 1947- (Author), Vrzgula, Leopold, 1927-2013 (Author), Vrzgula, Z. (Author)
Format: Article
Language:Slovak
PhysicalDescription:Obr. 1. Res. rus., angl., nem.
Subjects:

MARC

LEADER 00000nab a2200000 a 4500
001 vtls000032860
003 SK-MaSNL
005 20260304013232.0
008 111026c1979 xo 0 slo
015 |a SNBRA19rr/mm-uuuuu 
035 |a CL0042954 
040 |a SNKBUCL  |b slo  |c SNKBUCL  |e AACR2 
041 0 |a slo 
044 |a xo  |c SK 
080 |a 636.2  |2 1981 
080 |a 636.3  |2 1981 
080 |a 546  |2 1981 
080 |a 636.08  |2 1981 
100 1 |a Prosbová, Marta,  |d 1947-  |4 aut  |9 37867 
245 1 0 |a Klinický a biologický význam kobaltu pre prežúvavce  |c M. Prosbová, L. Vrzgula ; Z. Vrzgula 
300 |b Obr. 1. Res. rus., angl., nem. 
650 0 7 |a prežúvavce  |2 snkbucl  |9 17673 
650 0 7 |a stopové prvky  |2 snkbucl  |9 29124 
650 0 7 |a kobalt  |2 snkbucl  |9 51278 
655 7 |a články zo zborníkov  |2 snkbucl  |9 166140 
700 1 |a Vrzgula, Leopold,  |d 1927-2013  |4 aut  |9 203765 
700 1 |a Vrzgula, Z.  |4 aut  |9 1293941 
773 0 |t Zborník Štátnej veterinárnej správy MPVž SSR  |d Bratislava : Príroda, 1979  |g S. 153-166 
850 |a Slovenská národná knižnica v Martine  |a MTA001 
852 |a SNK  |b KIS3GCP 
958 7 |a RK 
992 |a RZB 
999 |c 2575015  |d 2576945